LEUCAENA research in the Asian-Pacific Region : proceedings of a workshop held in Singapore, 23 - 26 November 1982

Bibliographic Details
Format: Book
Published: Ottawa : IDRC , 1983
Subjects:

MARC

LEADER 00000cam a2200000 7i4500
001 0000002773
005 20040108.0
020 0 0 |a 0889363722 
090 0 0 |a 634.97332   |b LEU 1983 
245 0 0 |a LEUCAENA research in the Asian-Pacific Region :   |b proceedings of a workshop held in Singapore, 23 - 26 November 1982   |c organized by the Nitrogen Fixing Tree Association and the International Development Research Centre 
260 0 0 |a Ottawa :   |b IDRC ,   |c 1983 
300 |a 192 p. :   |b ill. ;   |c 25 cm. 
500 0 0 |a Includes bibliography: p.174-183 and index 
650 0 0 |a Forage plants   |z Asia   |x Congresses 
650 0 0 |a Forage plants   |z Malaysia   |x Congresses 
650 0 0 |a Lead tree   |x Research   |z Asia   |x Congresses 
650 0 0 |a Leucaena   |x Research   |z Asia   |x Congresses 
650 0 0 |a Leucaena   |x Research   |z Malaysia   |x Congresses 
650 0 0 |a Timber   |z Asia   |x Congresses 
998 |a JPSM 
999 |a 0000003774   |b Monograph   |c Open Shelf   |e Default branch